| 000 | 003330000a22001450004500 | ||
|---|---|---|---|
| 003 | MACL | ||
| 040 | _aMACL | ||
| 090 |
_c35295 _d35293 |
||
| 100 | _aBeveridge, Lord | ||
| 245 | _aFull Employment in A Free Society | ||
| 260 |
_bGeorge Allen & Unwin Ltd _c1953 |
||
| 350 | _a15 | ||
| 650 | _aLabour Economics | ||
| 942 |
_cBOOK _k331/BEV |
||
| 999 |
_c34924 _d34924 |
||